|
|
|
|
| LEADER |
01059nam a2200277 a 4500 |
| 001 |
GR-MES15450 |
| 008 |
100111s nju 000 0 eng d |
| 020 |
|
|
|a 0131435965
|
| 040 |
|
|
|a GrPaTEI
|b gre
|c GR-PaULI
|
| 040 |
|
|
|a GrPaTEI
|b gre
|c GR-PaULI
|
| 082 |
|
0 |
|a 657
|2 22
|
| 100 |
1 |
|
|a Horngren, Charles
|
| 245 |
1 |
0 |
|a Accounting /
|c Charles T. Horngren ; Walter T. Harrison Jr. ; Linda Smith Bamber.
|
| 250 |
|
|
|a 6th ed.
|
| 260 |
|
|
|a Upper Saddle River :
|b Prentice Hall,
|c c2005
|
| 300 |
|
|
|a xxxv, 1121 σ. :
|b εικ. ;
|c c2005
|
| 490 |
0 |
|
|a Charles T. Horngren series in accounting
|
| 500 |
|
|
|a Chapters 1-18
|
| 500 |
|
|
|a Περιλαμβάνει ευρετήρια.
|
| 650 |
|
0 |
|a Accounting
|
| 700 |
1 |
|
|a Bamber, Linda S.
|q (Linda Smith),
|d 1954-
|
| 700 |
1 |
|
|a HARRISON, WALTER
|
| 942 |
|
|
|2 ddc
|
| 952 |
|
|
|0 0
|1 0
|2 ddc
|4 0
|6 657_000000000000000_HOR
|7 0
|9 273247
|a MSLG
|b MSLG
|c BSC
|d 2021-01-17
|e 24
|f 0
|g 0.00
|l 0
|o 657 HOR
|p 2420000024676
|r 2021-01-17 00:00:00
|t 1
|w 2021-01-17
|y BK15
|x 20100111 0 1
|x GrPaTEI
|
| 971 |
|
|
|a .b25814990
|b 15-04-20
|c 13-09-16
|
| 999 |
|
|
|c 158210
|d 158210
|